000 00603nam a2200193Ia 4500
005 20260429112318.0
008 260429s9999||||xx |||||||||||||| ||und||
020 _a9789383931231
041 _aHindi
082 _a923.254
_bGAU
100 _aगौतम, रूपचंद
245 0 _aअंबेडकर जनसंचार :
_bभाग-9 /
_cरूपचंद गौतम
250 _a1st ed.
260 _aदिल्ली :
_bएकैडमिक पब्लिकेशन,
_c2024.
300 _a276 p.; hb
440 _vVol. 9
650 _aDalit literature
942 _cTB
999 _c53437
_d53437